G7 Countries Quiz - Statistics

General Stats
  • This quiz has been taken 137 times
  • The average score is 7 of 7
Answer Stats
Leader Country % Correct
Donald Trump United States
100%
Mark Carney Canada
99%
Emmanuel Macron France
98%
Friedrich Merz Germany
98%
Giorgia Meloni Italy
95%
Sanae Takaichi Japan
95%
Keir Starmer United Kingdom
94%
No matching quizzes found
Score Distribution
Percent of People with Each Score
Percentile by Number Answered
Your Score History
You have not taken this quiz